000 01387nam a2200289 a 4500
001 000038417
005 20201002031245.0
008 130411s2002 dr ad 001 0 spa d
040 _aDO-SdBNP
_bspa
_cBNPHU
082 _a338.16
_bP964p
110 2 _aPrograma Iberomericano de Ciencia y Tecnología para el Desarrollo (CYTED)
_964753
245 1 0 _aProducción simultánea de dextrano y fructosa a partir de desechos agroindustriales en Iberoamérica :
_baspectos científicos, técnicos y económicos /
_ceditora Mary Lopretti.
260 _aSanto Domingo :
_bCYTED :
_bInstituto Dominicano de Tecnología Industrial (INDOTEC),
_c2002.
300 _a303 p. :
_bil., gráfcs. ;
_c29 cm.
490 1 _aCYTED. Proyecto IV
_v7
504 _aIncluye bibliografía y notas al pie de páginas.
590 _aInventariado,2018/DG
650 4 _aIndustrias agropecuarias
_xProductos derivados
_xInvestigaciones
_964754
650 4 _aIndustria frutícola
_xProductos derivados
_xInvestigaciones
_964755
650 4 _aIndustria azucarera
_xProductos derivados
_xInvestigaciones
_964756
650 4 _aAprovechamiento de residuos
_934025
650 4 _aProducto de residuos
_964757
651 4 _aAmérica Latina
_xIndustrias
_xProductos Derivados
_xInvestigaciones
_964758
700 1 _aLopretti, Mary,
_eed.
_964759
830 0 _aCYTED. Proyecto IV
_n7
_964760
910 _aValidado. Control de calidad EMS
999 _c37907
_d37907